¿ Modelos alternativos de integración: proyectos neoliberales y resistencias populares? /
Este artículo plantea la importancia que ha tenido la resistencia popular de los países latinoamericanos en la lucha contra el ALCA, y que esto ha permitido que este acuerdo y sus negociaciones se encuentren estancadas. No obstante, señala además como la estrategia neoliberal de los Estadsos Unidos...
Enregistré dans:
| Auteur principal: | |
|---|---|
| Format: | Texte |
| Sujets: | |
| Tags: |
Ajouter un tag
Pas de tags, Soyez le premier à ajouter un tag!
|
MARC
| LEADER | 00000 a a2200000 04500 | ||
|---|---|---|---|
| 001 | 2411 | ||
| 003 | |||
| 040 | |||
| 100 | |a Lander, Edgardo | ||
| 245 | |a ¿ Modelos alternativos de integración: |b proyectos neoliberales y resistencias populares? / |c Edgardo Lander | ||
| 520 | |a Este artículo plantea la importancia que ha tenido la resistencia popular de los países latinoamericanos en la lucha contra el ALCA, y que esto ha permitido que este acuerdo y sus negociaciones se encuentren estancadas. No obstante, señala además como la estrategia neoliberal de los Estadsos Unidos ha tenido que variar, intentando establecer una integración económica con ciertos países de América Latina a través de una política muy fuerte con los tratados de libre comercio | ||
| 650 | |a ALCA | ||
| 650 | |a MOVIMIENTOS SOCIALES | ||
| 650 | |a TLC | ||
| 650 | |a INTEGRACION ECONOMICA | ||
| 773 | |g número 36; páginas 57-62 | ||
| 999 | |c 30470 |d 30470 | ||
